000 00564nam a2200193Ia 4500
001 21270
003 GE_BSU
008 181216s||||||||xx |||||||||||||| ||und||
040 _cGE_BSU
245 _aНеврологический журнал, №1 том 22. 2017.
245 _bJournal of Neorology.
245 _cГл. ред.Н.Н. ЯХНО и др.
260 _aМосква
260 _c2017
300 _a52 стр. 30см.
653 _aМедицина
653 _aНеврологический журнал, №1 том 22. 2017.
942 _cCR
999 _c54214
_d54214